Statistiques concernant Les champions olympiques français vivants

Cliquez ici pour prendre le quiz!

Statistiques générales

  • Ce quiz a été pris 22 fois
  • Le résultat moyen est 59 sur 261

Statistiques - réponses

DisciplineMédaillé enNé enNom% Correct
Handball20201988Luka {Karabatic}
91%
Handball2008 2012 20201984Nikola {Karabatic}
91%
Athlétisme1992 & 19961968Marie-José {Pérec}
86%
Athlétisme20121986Renaud {Lavillenie}
86%
Judo2012 2016 20201989Teddy {Riner}
86%
Canoë-Kayak2000 2004 20121978Tony {Estanguet}
86%
Natation20121990Florent {Manaudou}
82%
Natation20041986Laure {Manaudou}
82%
Boxe20161992Tony {Yoka}
82%
Natation2008 & 20121983Alain {Bernard}
77%
Biathlon2014 & 20181988Martin {Fourcade}
77%
Handball2008 20121976Thierry {Omeyer}
77%
Handball20201989Cléopâtre {Darleux}
73%
Handball2008 2012 20201984Luc {Abalo}
73%
Ski acrobatique20181998Perrine {Laffont}
73%
Biathlon20221992Quentin {Fillon Maillet}
73%
Boxe20001979Brahim {Asloum}
68%
Volley-ball20201991Earvin {Ngapeth}
68%
Combiné nordique20101986Jason {Lamy-Chapuis}
68%
Ski alpin19681943Jean-Claude {Killy}
68%
Natation20121992Yannick {Agnel}
68%
Judo1996 & 20001969David {Douillet}
64%
Boxe20161992Estelle {Mossely}
64%
Patinage artistique20221995Gabriella {Papadakis}
64%
Cyclisme19961958Jeannie {Longo}
64%
Natation20121985Amaury {Leveaux}
59%
Handball2008 20121978Bertrand {Gille}
59%
Escrime19681945Christian {Noël}
59%
Judo20201992Clarisse {Agbégnénou}
59%
Ski alpin20221997Clément {Noël}
59%
Handball2008 20121976Guillaume {Gille}
59%
Handball2008 2012 20201982Michaël {Guigou}
59%
Handball2008 20121979Daniel {Narcisse}
55%
Cyclisme2004 & 20081980Julien {Absalon}
55%
Escrime19961971Laura {Flessel}
55%
Judo20201990Romane {Dicko}
55%
Handball20201990Valentin {Porte}
55%
Biathlon20181987Anaïs {Bescond}
50%
Ski acrobatique19921969Edgar {Grospiron}
50%
Canoë-Kayak20121983Émilie {Fer}
50%
Patinage artistique20221994Guillaume {Cizeron}
50%
Biathlon20221996Justine {Braisaz-Bouchet}
50%
Handball20201997Dika {Mem}
45%
Gymnastique20041987Émilie {Le Pennec}
45%
Athlétisme19961971Jean {Galfione}
45%
Handball20201991Kentin {Mahé}
45%
Handball20201997Melvyn {Richardson}
45%
Handball20201995Nedim {Remili}
45%
Handball2008 20121977Didier {Dinart}
41%
Cyclisme1996 & 20001971Félicia {Ballanger}
41%
Ski acrobatique20141989Jean-Frédéric {Chapuis}
41%
Natation20121988Jérémy {Stravius}
41%
Biathlon20181986Marie {Dorin-Habert}
41%
Karaté20201997Steven {Da Costa}
41%
Biathlon20061977Vincent {Defrasne}
41%
Handball20201989Allison {Pineau}
36%
Ski alpin20061976Antoine {Dénériaz}
36%
Ski alpin20021973Carole {Montillet}
36%
Escrime20201991Enzo {Lefort}
36%
Athlétisme19761950Guy {Drut}
36%
Handball2008 20121977Jérôme {Fernandez}
36%
Volley-ball20201990Kévin {Tillie}
36%
Judo20121981Lucie {Décosse}
36%
Handball20201996Ludovic {Fabregas}
36%
Escrime20201997Romain {Cannone}
36%
Biathlon20181991Simon {Desthieux}
36%
Handball2008 20121975Daouda {Karaboué}
32%
Judo19961971Djamel {Bouras}
32%
Combiné nordique19921968Fabrice {Guy}
32%
Volley-ball20201996Jean {Patry}
32%
Volley-ball20201990Jenia {Grebennikov}
32%
Handball20201986Vincent {Gérard}
32%
Judo19801953Angelo {Parisi}
27%
Cyclisme20001978Arnaud {Tournant}
27%
Volley-ball20201989Benjamin {Toniutti}
27%
Cyclisme1968 & 19721944Daniel {Morelon}
27%
Natation20121984Fabien {Gilot}
27%
Biathlon20061974Florence {Baverel}
27%
Cyclisme1996 & 20001974Florian {Rousseau}
27%
Ski alpin19881964Franck {Piccard}
27%
Cyclisme20001976Miguel {Martinez}
27%
Volley-ball20201992Nicolas {Le Goff}
27%
Tir à l'arc19921972Sébastien {Flute}
27%
Judo19801959Thierry {Rey}
27%
Handball20201992Timothey {N'Guessan}
27%
Volley-ball20201994Trévor {Clévenot}
27%
Handball20121988William {Accambray}
27%
Handball20121988Xavier {Barachet}
27%
Handball20201986Amandine {Leynaud}
23%
Cyclisme20081977Anne-Caroline {Chausson}
23%
Handball20201991Estelle {Nze Minko}
23%
Handball20201993Grâce {Zaadi}
23%
Patinage artistique20021972Gwendal {Peizerat}
23%
Escrime1984 & 19881956Jean-François {Lamour}
23%
Judo19961968Marie-Claire {Restoux}
23%
Handball20202000Pauletta {Foppa}
23%
Handball20121986Samuel {Honrubia}
23%
Lutte20081985Steeve {Guénot}
23%
Volley-ball20201996Stephen {Boyer}
23%
Football19841953Albert {Rust}
18%
Handball20201987Alexandra {Lacrabère}
18%
Volley-ball20201994Antoine {Brizard}
18%
Handball20201988Béatrice {Edwige}
18%
Escrime20001981Brice {Guyart}
18%
Handball20081981Cédric {Paty}
18%
Voile20161984Charline {Picon}
18%
Ski alpin19641944Christine {Goitschel}
18%
Natation20121987Clément {Lefert}
18%
Biathlon19921972Corinne {Niogret}
18%
Judo20161987Émilie {Andéol}
18%
Escrime20041980Érik {Boisse}
18%
Escrime20201982Erwann {Le Péchoux}
18%
Escrime2004 & 20081980Fabrice {Jeannet}
18%
Handball20201992Hugo {Descat}
18%
Ski alpin20021977Jean-Pierre {Vidal}
18%
Escrime2004 & 20081977Jérôme {Jeannet}
18%
Handball20081970Joël {Abati}
18%
Football19841961José {Touré}
18%
Cyclisme20121989Julie {Bresset}
18%
Judo19881959Marc {Alexandre}
18%
Ski alpin1964 & 19681945Marielle {Goitschel}
18%
Handball20081973Olivier {Girault}
18%
Escrime1980 - 19841955Philippe {Boisse}
18%
Equitation19881955Pierre {Durand}
18%
Handball20201992Rémi {Desbonnet}
18%
Judo20201998Sarah-Léonie {Cysique}
18%
Biathlon20101985Vincent {Jay}
18%
Equitation20161989Astier {Nicolas}
14%
Judo20201987Axel {Clerget}
14%
Volley-ball20201998Barthélémy {Chinenyeze}
14%
Judo19921967Cécile {Nowak}
14%
Handball20201995Chloé {Valentini}
14%
Handball20081975Christophe {Kempé}
14%
Handball20201992Coralie {Lassource}
14%
Football19841958François {Brisson}
14%
Escrime20161984Gauthier {Grumier}
14%
Football19841955Guy {Lacombe}
14%
Escrime20041973Hugues {Obry}
14%
Ski alpin19981966Jean-Luc {Crétier}
14%
Escrime19881963Jean-Michel {Henry}
14%
Football19841961Jean-Philippe {Rohr}
14%
Tir19961962Jean-Pierre {Amat}
14%
Tir20201995Jean {Quiquampoix}
14%
Equitation20161980Kevin {Staut}
14%
Equitation19761936Marcel {Rozier}
14%
Patinage artistique20021975Marina {Anissina}
14%
Football19841960Patrice {Garande}
14%
Equitation20161980Pénélope {Leprevost}
14%
Equitation20161963Philippe {Rozier}
14%
Cyclisme19681944Pierre {Trentin}
14%
Equitation20161965Roger-Yves {Bost}
14%
Volley-ball20201992Yacine {Louati}
14%
Judo19921966Catherine {Fleury}
9%
Handball20081974Cédric {Burdet}
9%
Handball20121984Cédric {Sorhaindo}
9%
Escrime20041975Damien {Touya}
9%
Football19841959Daniel {Xuereb}
9%
Volley-ball20201995Daryl {Bultor}
9%
Cyclisme19961965Francis {Moreau}
9%
Canoë-Kayak19961969Franck {Adisson}
9%
Escrime20041973Gaël {Touya}
9%
Handball20121985Guillaume {Joli}
9%
Football19841958Jean-Christophe {Thouvenel}
9%
Football19841960Jean-Claude {Lemoult}
9%
Escrime20001974Jean-Noël {Ferrari}
9%
Handball20201994Laura {Flippes}
9%
Cyclisme20001973Laurent {Gané}
9%
Handball20201998Méline {Nocandy}
9%
Handball20201994Nicolas {Tournat}
9%
Cyclisme19961969Philippe {Ermenault}
9%
Escrime19921960Philippe {Omnès}
9%
Handball20201997Romain {Lagarde}
9%
Judo20001974Séverine {Vandenhende}
9%
Canoë-Kayak19961969Wilfrid {Forgues}
9%
Football19841961William {Ayache}
9%
Handball20201981Yann {Genty}
9%
Escrime20161986Yannick {Borel}
9%
Aviron20041978Adrien {Hardy}
5%
Biathlon19921968Anne {Briand}
5%
Equitation20041973Arnaud {Boiteau}
5%
Handball20201988Blandine {Dancette}
5%
Escrime20081980Boris {Sanson}
5%
Football19841961Dominique {Bijotat}
5%
Escrime1988 & 19921964Éric {Srecki}
5%
Voile20041978Faustine {Merret}
5%
Voile19921970Franck {David}
5%
Tir20001973Franck {Dumoulin}
5%
Aviron20201993Hugo {Boucheron}
5%
Aviron20001977Jean-Christophe {Bette}
5%
Aviron20001968Jean-Christophe {Rolland}
5%
Football19841960Jean-Louis {Zanon}
5%
Equitation20041954Jean {Teulère}
5%
Aviron20161989Jérémie {Azou}
5%
Handball20201995Kalidiatou {Niakaté}
5%
Equitation20161975Karim {Laghouag}
5%
Escrime20001967Lionel {Plumenail}
5%
Voile19881964Luc {Pillot}
5%
Escrime20201993Maxime {Pauty}
5%
Cyclisme19961970Nathalie {Even}
5%
Escrime20081980Nicolas {Lopez}
5%
Equitation20041980Nicolas {Touzaint}
5%
Escrime19801958Pascale {Trinquet}
5%
Football19841960Patrick {Cubaynes}
5%
Handball20201993Pauline {Coatanea}
5%
Football19841958Philippe {Jeannol}
5%
Aviron20161994Pierre {Houin}
5%
Escrime19961962Sophie {Moressée}
5%
Voile19881959Thierry {Péponnet}
5%
Escrime19961969Valérie {Barlois}
5%
Biathlon19921966Véronique {Claudel}
5%
Canoë-Kayak20041980Benoît {Peschier}
0%
Escrime19801958Brigitte {Gaudin}
0%
Escrime19801951Bruno {Boscherie}
0%
Equitation20041972Cédric {Lyard}
0%
Cyclisme19481924Charles {Coste}
0%
Cyclisme19961967Christophe {Capelle}
0%
Escrime20161991Daniel {Jérent}
0%
Cyclisme19681948Daniel {Rebillard}
0%
Canoë-Kayak20161987Denis {Gargaud Chanut}
0%
Equitation20041960Didier {Courrèges}
0%
Escrime19801951Didier {Flament}
0%
Football19841958Didier {Sénac}
0%
Escrime19881964Frédéric {Delpla}
0%
Escrime19801954Frédéric {Pietruszka}
0%
Canoë-Kayak19521931Georges {Turlier}
0%
Escrime19681944Gilles {Berolatti}
0%
Judo20201986Guillaume {Chaine}
0%
Escrime19801957Hubert {Gardas}
0%
Escrime19801960Isabelle {Boéri}
0%
Escrime19681941Jean-Claude {Magnan}
0%
Canoë-Kayak19521930Jean {Laudet}
0%
Escrime20161978Jean-Michel {Lucenay}
0%
Cyclisme19961967Jean-Michel {Monin}
0%
Voile1988 & 19921957Jean-Yves {Le Déroff}
0%
Escrime20201988Julien {Mertine}
0%
Escrime2004 & 20081977Julien {Pillet}
0%
Aviron20001968Laurent {Porchier}
0%
Equitation19761933Marc {Roguet}
0%
Equitation20161984Mathieu {Lemoine}
0%
Aviron20201990Matthieu {Androdias}
0%
Aviron20001967Michel {Andrieux}
0%
Football19841954Michel {Bensoussan}
0%
Football19841958Michel {Bibard}
0%
Escrime19801955Michel {Salesse}
0%
Cyclisme19561934Michel {Vermeulin}
0%
Handball20201997Océane {Sercien-Ugolin}
0%
Escrime19881960Olivier {Lenglet}
0%
Escrime19801958Pascal {Jolyot}
0%
Escrime20001966Patrice {Lhôtellier}
0%
Escrime19801951Patrick {Picot}
0%
Escrime19801955Philippe {Bonnin}
0%
Tir19841963Philippe {Heberlé}
0%
Escrime1980 - 19881957Philippe {Riboud}
0%
Aviron20041976Sébastien {Vieilledent}
0%
Voile19721946Serge {Maury}
0%
Equitation20161974Thibaut {Vallette}
0%
Escrime20081982Ulrich {Robeiri}
0%
Escrime19801957Véronique {Brouquier}
0%
Aviron20001973Xavier {Dorfman}
0%
Aviron20001973Yves {Hocdé}
0%
Voile19921955Yves {Loday}
0%

Distribution des résultats

Percentile par nombre de réponses

% des personnes avec chaque résultat

Votre développement - résultats

Vous n’avez pas pris ce quiz